LEADER 00810nam0-22003011i-450- 001 990001728590403321 005 20120517194158.0 035 $a000172859 035 $aFED01000172859 035 $a(Aleph)000172859FED01 035 $a000172859 100 $a20030910d1967----km-y0itay50------ba 101 0 $afre 102 $aFR 200 1 $a<>souris de laboratoire et son élevage$fMichel Broustail 205 $a3e éd. 210 $aParis$cVigot Frères$d1967 215 $a70 p.$d24 cm 610 0 $aTopi 676 $a599.323 3 700 1$aBroustail,$bMichel$074825 801 0$aIT$bUNINA$gRICA$2UNIMARC 901 $aBK 912 $a990001728590403321 952 $a60 599.323 3 B 3$b1189$fFAGBC 959 $aFAGBC 996 $aSouris de laboratoire et son élevage$9360088 997 $aUNINA LEADER 02288oas 22009373 450 001 9910626147803321 005 20250605213024.0 035 $a(OCoLC)825543256 035 $a(CONSER) 2024200617 035 $a(CKB)3710000000537489 035 $a(EXLCZ)993710000000537489 100 $a20130128a20129999 uy a 101 0 $aeng 135 $aur||||||||||| 181 $ctxt$2rdacontent 182 $cc$2rdamedia 183 $acr$2rdacarrier 200 10$aOptical Interconnects Conference 210 1$a[Piscataway, NJ] :$cIEEE,$d2012- 311 08$a2376-8665 517 1 $aOIC 517 1 $aIEEE Photonics Society Optical Interconnects Conference 517 1 $aAnnual IEEE Photonics Society Optical Interconnects Conference 517 1 $aOptical Interconnects Conference ... IEEE 517 1 $aIEEE Optical Interconnects Conference 531 0 $aOpt. Interconnects Conf. 606 $aOptical interconnects$vCongresses 606 $aInterconnexions optiques$vCongre?s 606 $aOptical interconnects$2fast 608 $aPeriodicals.$2fast 608 $aConference papers and proceedings.$2fast 615 0$aOptical interconnects 615 6$aInterconnexions optiques 615 7$aOptical interconnects. 676 $a621 676 $a621.3693 712 02$aIEEE Photonics Society. 801 0$bHNK 801 1$bHNK 801 2$bHNK 801 2$bOCLCF 801 2$bDLC 801 2$bOCLCO 801 2$bOCL 801 2$bOCLCO 801 2$bDLC 801 2$bAUD 801 2$bOCLCO 801 2$bVT2 801 2$bOCLCO 801 2$bOCLCQ 801 2$bOCL 801 2$bUAB 801 2$bU3W 801 2$bOCLCQ 801 2$bWYU 801 2$bLVT 801 2$bUKBTH 801 2$bUHL 801 2$bLIP 801 2$bUK7LJ 801 2$bLDP 801 2$bHS0 801 2$bEQF 801 2$bUWK 801 2$bSXB 801 2$bHQ1 801 2$bEUN 801 2$bOCLCQ 801 2$bEUX 801 2$bOCLCQ 801 2$bOCLCO 801 2$bOCLCQ 801 2$bOCLCO 801 2$bOCLCQ 801 2$bDLC 801 2$bOCLCL 906 $aCONFERENCE 912 $a9910626147803321 996 $a.. Optical Interconnects Conference$92500181 997 $aUNINA